000 00517nam a22001937a 4500
003 0
005 20250414151333.0
008 231007b xxu||||| |||| 00| 0 eng d
020 _a978-1-4197-0368-3
050 _aFic
_bK558 2017
082 _aFic
_bK558 2017
100 _aKinney, Jeff
245 _aDiary of the wimpy kid :the getaway
_cJeff Kinney
260 _aNew York
_bAmulet Books
_cc2017.
300 _a217 pages :
_bb&w ill. ;
_c20 cm.
500 _aFiction.
650 _aFiction.
942 _2lcc
_cBK
999 _c365499
_d365499